00538nam a2200193 a 450000500170000000800410001703500190005810000210007722200240009824500600012230000120018236200480019465300280024265300160027065300130028690400150029990500130031499900170032720210219153040.0991125n 000 0 u aUPN01000074697 aAUGENTI, Antonio aRICERCHE DIDATTICHE aL'educazione interculturale e il ruolo degli insegnanti a257-259 a1992 Anno 42, no. 11-12 (359-360) nov.-dic.0 aEDUCACION MULTICULTURAL0 aENSEÑANZA0 aMAESTROS aACb012508 aArticulo c67062d67062